[Event "Tourn. n10162"]
[Site "www.echecsemail.com"]
[Date "2019.10.10"]
[Round "1"]
[White "Rons"]
[Black "Jerome"]
[WhiteElo "2660"]
[BlackElo "2319"]
[Result "1/2-1/2"]
[Round "1"]
1.e4 c5
2.Ng1f3 e6
3.d4 cxd4
4.Nf3xd4 Ng8f6
5.Nb1c3 d6
6.g4 h6
7.Rh1g1 Nb8c6
8.Bc1e3 Bf8e7
9.Bf1e2 a6
10.Qd1d2 Nc6xd4
11.Qd2xd4 e5
12.Qd4d3 Bc8e6
13.O-O-O Nf6d7
14.Nc3d5 Be7g5
15.Kb1 Ra8c8
16.f4 exf4
17.Nd5xf4 Be6c4
18.Qd3d2 Bc4xe2
19.Qd2xe2 O-O
20.Nf4h3 Nd7e5
21.Nh3xg5 hxg5
22.Rd1d5 Rf8e8
23.Rg1d1 Re8e6
24.h3 f6
25.Be3c5 Ne5f7
26.Bc5b4 Qd8e7
27.Rd5d4 Rc8e8
28.Rd1e1 Nf7e5
29.Qe2d1 Ne5c6
30.Bb4xd6 Qe7f7
31.Rd4d3 Re6xe4
32.Re1xe4 Re8xe4
33.Bd6g3 Qf7e8
34.b3 Kh8
35.Rd3d7 Re4e3
36.Bg3f2 Re3e2
37.Rd7d2 Re2xd2
38.Qd1xd2 Qe8e4
39.Kb2 Nc6e5
40.a4 Ne5g6
41.Qd2e1 Qe4f3
42.Bf2g3 Kh7
43.a5 Qf3d5
44.Bg3b8 Qd5d4
45.Ka3 Qd4d8
46.Bb8g3 Qd8d5
47.Kb2 { draw }
1/2-1/2

[Event "Tourn. n10204"]
[Site "www.echecsemail.com"]
[Date "2019.10.10"]
[Round "1"]
[White "Orhany24"]
[Black "Tonino1"]
[WhiteElo "2140"]
[BlackElo "2290"]
[Result "1-0"]
[Round "1"]
1.e4 d6
2.d4 Ng8f6
3.Bf1d3 c6
4.c4 Qd8a5
5.Nb1c3 d5
6.cxd5 cxd5
7.e5 Nf6e4
8.Ng1e2 Ne4xc3
9.Ne2xc3 e6
10.a3 Nb8c6
11.Bc1e3 Bc8d7
12.O-O g6
13.Kh1 Bf8g7
14.b4 Qa5d8
15.Nc3b5 Bg7f8
16.Qd1g4 a6
17.Be3g5 Qd8b8
18.Bg5f6 Rh8g8
19.Nb5c3 Qb8a7
20.Nc3e2 b5
21.Rf1c1 Ra8c8
22.h4 Nc6e7
23.Qg4g5 Ne7f5
24.Bd3xf5 Rc8xc1
25.Ra1xc1 exf5
26.Bf6d8 h6
27.Qg5f6 Bd7e6
28.Rc1c7 Qa7b6
29.Rc7e7  { time }
1-0

[Event "Tourn. n10174"]
[Site "www.echecsemail.com"]
[Date "2019.10.10"]
[Round "1"]
[White "Jerome"]
[Black "Galiany17"]
[WhiteElo "2420"]
[BlackElo "2259"]
[Result "0-1"]
[Round "1"]
1.e4 e5
2.Ng1f3 Nb8c6
3.Bf1b5 a6
4.Bb5a4 Ng8f6
5.O-O Bf8e7
6.Rf1e1 b5
7.Ba4b3 O-O
8.c3 d6
9.h3 Nc6a5
10.Bb3c2 c5
11.d4 Qd8c7
12.Nb1d2 cxd4
13.cxd4 Na5c6
14.Nd2b3 a5
15.Bc1e3 a4
16.Nb3d2 Bc8d7
17.Ra1c1 Qc7b7
18.Nd2f1 Rf8e8
19.Nf1g3 Ra8c8
20.Qd1e2 exd4
21.Nf3xd4 Nc6e5
22.Nd4f5 Be7f8
23.Be3g5 Bd7xf5
24.Ng3xf5 Ne5d7
25.Bg5f4 d5
26.e5 g6
27.Qe2d1 Rc8c4
28.Bf4g5 Nf6e4
29.Bc2xe4 dxe4
30.Rc1xc4 bxc4
31.Nf5d6 Bf8xd6
32.exd6 a3
33.bxa3 f6
34.Bg5f4 Qb7c6
35.Qd1d4 c3
36.Re1e3 Re8c8
37.Re3xe4 Nd7e5
38.Re4e1 c2
39.Re1c1 Ne5d7
40.Bf4d2 Rc8b8
41.Qd4d3 Rb8c8
42.Qd3b3 Kg7
43.a4 Nd7e5
44.a5 g5
45.Bd2b4 Ne5g6
46.a6 Ng6f4
{ resign }
0-1

[Event "1/64 Finale"]
[Site "www.chess-mail.com"]
[Date "2019.10.10"]
[Round "1"]
[White "Jerome"]
[Black "Hennie4820"]
[WhiteElo "2550"]
[BlackElo "2100"]
[Result "1-0"]
[Round "1"]
1.e4 c5
2.Ng1f3 e6
3.d4 cxd4
4.Nf3xd4 Ng8f6
5.Nb1c3 d6
6.g4 h6
7.Bc1e3 e5
8.Bf1b5 Bc8d7
9.Bb5xd7 Nb8xd7
10.Nd4f5 Qd8c7
11.f3 g6
12.Nf5g3 a6
13.h4 Bf8g7
14.Qd1d3 Ra8d8
15.O-O-O O-O
16.g5 hxg5
17.hxg5 Nf6h5
18.Ng3xh5 gxh5
19.Nc3d5 Qc7b8
20.Nd5e7 { resign }
1-0

[Event "Tourn. n10226"]
[Site "www.echecsemail.com"]
[Date "2019.10.11"]
[Round "1"]
[White "Churrasca"]
[Black "Fantomas"]
[WhiteElo "2120"]
[BlackElo "2100"]
[Result "1-0"]
[Round "1"]
1.e4 e5
2.Ng1f3 Nb8c6
3.Bf1b5 a6
4.Bb5a4 Ng8f6
5.O-O b5
6.Ba4b3 Bf8c5
7.c3 O-O
8.d4 Bc5d6
9.Bc1g5 h6
10.Bg5h4 g5
11.Bh4g3 Nf6xe4
12.Bg3xe5 Nc6xe5
13.dxe5 Bd6xe5
14.Nf3xe5 c6
15.Qd1c2 Ne4f6
16.Nb1d2 Bc8b7
17.Qc2g6 { resign }
1-0

[Event "Match"]
[Site "www.echecsemail.com"]
[Date "2019.10.11"]
[Round "1"]
[White "Cal"]
[Black "Gambitmiau"]
[WhiteElo "1870"]
[BlackElo "1860"]
[Result "0-1"]
[Round "1"]
1.c4 e5
2.e4 Bf8c5
3.Nb1c3 Qd8f6
4.Ng1f3 Ng8e7
5.h3 Qf6b6
6.a3 Bc5xf2
7.Ke2 Bf2g3
8.d4 exd4
9.Nc3a4 Qb6a6
10.Qd1c2 O-O
11.b3 Rf8e8
12.Nf3xd4 Qa6f6
13.Bc1e3 c5
14.Nd4b5 Qf6xa1
15.Be3f2 Ne7f5
16.Nb5c7 Bg3xf2
17.Kxf2 Qa1d4
18.Kf3 Nf5h4
19.Kg3 Re8xe4
20.Qc2f2 Re4e3
21.Kh2 Re3xh3
22.Kxh3 Qd4xf2
23.Na4c3 Nh4f5
24.Kg4 Qf2g3
25.Kxf5 Qg3xc7
26.Nc3e4 d5
27.Kg5 Qc7e5
{ resign }
0-1

[Event "Match"]
[Site "www.echecsemail.com"]
[Date "2019.10.11"]
[Round "1"]
[White "Ditto"]
[Black "Tonino1"]
[WhiteElo "1820"]
[BlackElo "2170"]
[Result "0-1"]
[Round "1"]
1.d4 d6
2.Ng1f3 Ng8f6
3.c4 c6
4.Bc1g5 g6
5.e3 Bf8g7
6.Bf1d3 O-O
7.O-O h6
8.Bg5f4 Nf6h5
9.Nb1d2 Nh5xf4
10.exf4 Bc8g4
11.Rf1e1 Bg7xd4
12.Re1e4 c5
13.Qd1b3 f5
14.Re4e1 Qd8c7
15.Qb3d1 Bd4xb2
16.Ra1b1 Bb2d4
17.Qd1e2 Nb8c6
18.a3 b6
19.Qe2e6 Kg7
20.Nf3h4 Rf8f6
21.Qe6d5 Ra8e8
22.Kf1 e6
23.Re1xe6 Rf6xe6
24.g3 Bg4e2
25.Bd3xe2 Re6xe2
26.Nd2b3 Re2xf2
27.Kg1 Rf2b2
28.Nb3xd4 Rb2xb1
29.Kg2 Nc6xd4
30.a4 Re8e2
31.Kh3 Rb1b2
32.Qd5h1 Re2xh2
33.Qh1xh2 Rb2xh2
34.Kxh2 g5
35.fxg5 hxg5
{ resign }
0-1

[Event "Match"]
[Site "www.echecsemail.com"]
[Date "2019.10.11"]
[Round "1"]
[White "Tbsundar"]
[Black "Roko123"]
[WhiteElo "2160"]
[BlackElo "1499"]
[Result "1-0"]
[Round "1"]
1.d4 Ng8f6
2.c4 g6
3.Nb1c3 d5
4.Ng1f3 Bf8g7
5.e3 Nf6e4
6.cxd5 Ne4xc3
7.bxc3 Qd8xd5
8.c4 Qd5d6
9.Bf1e2 c5
10.Bc1a3 b6
11.Ra1b1 Qd6d8
12.O-O Nb8d7
13.Qd1a4 O-O
14.Rf1d1 Qd8c7
15.Nf3g5 h6
16.Be2f3 Bc8b7
17.Ng5e4 f5
18.Ne4d2 Bb7xf3
19.Nd2xf3 e5
20.d5 e4
21.Nf3h4 Kh7
22.g3 g5
23.Nh4g2 Nd7e5
24.Ng2e1 Ne5f3
25.Ne1xf3 exf3
26.d6 Qc7f7
27.g4 fxg4
28.Kh1  { time }
1-0

[Event "Match"]
[Site "www.echecsemail.com"]
[Date "2019.10.11"]
[Round "1"]
[White "Roko123"]
[Black "Logout"]
[WhiteElo "1499"]
[BlackElo "2040"]
[Result "0-1"]
[Round "1"]
1.e4 c5
2.Ng1f3 Nb8c6
3.d4 cxd4
4.Nf3xd4 Qd8a5
5.Nb1c3 Qa5e5
6.Bc1e3 Ng8f6
7.f4 Qe5c7
8.e5 Nf6g8
9.Nd4b5 Qc7b8
10.Nc3d5 Kd8
11.Nd5c7 a6
12.Be3b6 axb5
13.Nc7xa8 Ke8
14.Na8c7 Kd8
 { time }
0-1

[Event "Match"]
[Site "www.echecsemail.com"]
[Date "2019.10.11"]
[Round "1"]
[White "Apdash"]
[Black "Roko123"]
[WhiteElo "2190"]
[BlackElo "1869"]
[Result "1-0"]
[Round "1"]
1.e4 e6
2.d4 d5
3.e5 c5
4.c3 Nb8c6
5.Ng1f3 Qd8b6
6.dxc5 Bf8xc5
7.Qd1c2 Bc8d7
8.b4 Bc5f8
9.Bc1e3 Qb6c7
10.Bf1d3 Nc6xe5
11.Nf3xe5 Qc7xe5
12.O-O Ng8f6
13.Be3d4 Qe5d6
14.Bd4c5 Qd6c7
15.Bc5xf8 Rh8xf8
16.a4 e5
17.Nb1a3  { time }
1-0

[Event "Match"]
[Site "www.echecsemail.com"]
[Date "2019.10.11"]
[Round "1"]
[White "Calponas"]
[Black "Chapi"]
[WhiteElo "2050"]
[BlackElo "2110"]
[Result "1/2-1/2"]
[Round "1"]
1.d4 d5
2.Ng1f3 c5
3.e3 Nb8c6
4.c4 Ng8f6
5.Nb1c3 Bc8g4
6.h3 Bg4h5
7.cxd5 Nf6xd5
8.Qd1b3 Nd5b4
9.a3 cxd4
10.axb4 dxc3
11.Bf1e2 cxb2
12.Bc1xb2 f6
13.O-O e5
14.b5 Bh5f7
15.Qb3a4 Nc6e7
16.b6 Ne7c6
17.Be2b5 Qd8xb6
18.Rf1d1 Bf8e7
19.Ra1b1 O-O
20.Bb5xc6 Qb6xc6
21.Qa4xc6 bxc6
22.Rd1d7 Be7c5
23.Bb2a1 Rf8b8
24.Rb1c1 Bc5a3
25.Rc1d1 Bf7d5
26.Kh2 a5
27.Nf3d2 Ba3c5
28.e4 Bd5f7
29.f3 Bc5b4
30.Nd2f1 c5
31.Nf1e3 a4
32.Ne3d5 a3
33.Nd5e7 Kf8
34.Ne7c6 Rb8c8
35.Nc6e7 Rc8e8
36.Ne7f5 a2
37.Nf5d6 Re8e7
38.Nd6xf7 Re7xf7
39.Rd7d8 Ra8xd8
40.Rd1xd8 Ke7
41.Rd8a8 Ke6
42.Ra8a6 Ke7
43.Ra6xa2 Kf8
44.Ra2a8 Ke7
45.Ra8a7 Ke6
46.Ra7a6 Kd7
{ draw }
1/2-1/2

[Event "Tourn. n10180"]
[Site "www.echecsemail.com"]
[Date "2019.10.11"]
[Round "1"]
[White "Conde7"]
[Black "Jerome"]
[WhiteElo "2870"]
[BlackElo "2420"]
[Result "1/2-1/2"]
[Round "1"]
1.a3 c5
2.c4 Ng8f6
3.Ng1f3 e6
4.e3 b6
5.d4 Bc8b7
6.Nb1c3 cxd4
7.exd4 d5
8.Nf3e5 dxc4
9.Bf1xc4 Bf8e7
10.Bc4b5 Nb8d7
11.O-O O-O
12.Ne5c6 Qd8e8
13.d5 a6
14.Nc6xe7 Qe8xe7
15.d6 Qe7d8
16.Bb5d3 b5
17.Bc1f4 e5
18.Bf4e3 Nd7b6
19.Ra1c1 Ra8c8
20.b4 Nb6c4
21.Be3c5 Nc4b2
22.Qd1e2 Nb2xd3
23.Qe2xd3 Rf8e8
24.Nc3e2 Qd8d7
25.Ne2g3 Nf6d5
26.f3 Nd5f4
27.Qd3c2 Kh8
28.Rf1d1 Re8e6
29.Rd1d2 f6
30.h4 g6
31.Ng3e4 Kg7
32.Qc2d1 Re6e8
33.Rd2c2 Bb7d5
34.g3 Bd5xe4
35.fxe4 Nf4e6
36.h5 Re8f8
37.Bc5e3 Rc8xc2
38.Rc1xc2 Rf8d8
39.h6 Kg8
40.Rc2f2 Qd7xd6
{ draw }
1/2-1/2

[Event "Tourn. n10217"]
[Site "www.echecsemail.com"]
[Date "2019.10.11"]
[Round "1"]
[White "Mapudungo"]
[Black "Picifarkinca"]
[WhiteElo "1499"]
[BlackElo "1580"]
[Result "1-0"]
[Round "1"]
1.e4 c6
2.d4 d5
3.Nb1d2 dxe4
4.Nd2xe4 Nb8d7
5.Ng1f3 Ng8f6
6.Bf1d3 e6
7.Ne4xf6 Nd7xf6
8.O-O c5
9.dxc5 Bf8xc5
10.Nf3e5 O-O
11.Rf1e1 Qd8b6
12.Qd1e2 Rf8d8
13.c3 Bc8d7
14.Bc1g5 Bc5e7
15.Bd3xh7 Kf8
16.Qe2f3 Bd7e8
17.Bh7c2 { resign }
1-0

[Event "Match"]
[Site "www.echecsemail.com"]
[Date "2019.10.12"]
[Round "1"]
[White "Dvdheever"]
[Black "Diselman"]
[WhiteElo "1299"]
[BlackElo "1279"]
[Result "0-1"]
[Round "1"]
1.d4 g6
2.Ng1f3 Ng8f6
3.Nb1c3 d5
4.g3 Bf8g7
5.Bf1g2 c6
6.O-O Bc8g4
7.Bc1f4 h6
8.Qd1d3 g5
9.Bf4e3 e6
10.Nc3a4 Nf6e4
11.Qd3b3 Qd8e7
12.h3 Bg4f5
13.Nf3e5 Bg7f6
14.Ne5f3 O-O
15.Ra1d1 b6
16.c3 Nb8d7
17.g4 Bf5g6
18.c4 dxc4
19.Qb3xc4 b5
20.Qc4b3 bxa4
21.Qb3xa4 Ra8b8
22.Rd1b1 Nd7b6
23.Qa4xc6 Kg7
24.Rf1d1 Rf8c8
25.Qc6b5 Qe7c7
26.Nf3d2 Ne4xd2
27.Rd1xd2 Qc7d6
28.Qb5a6 Qd6d7
29.f4 Bg6xb1
30.d5 Rc8c1
31.Bg2f1 Nb6c4
32.b3 Nc4xe3
33.Kf2 Qd7c7
34.Kxe3 Rc1xf1
35.Qa6a4 gxf4
36.Qa4xf4 Qc7xf4
{ resign }
0-1

[Event "Tourn. n10199"]
[Site "www.echecsemail.com"]
[Date "2019.10.12"]
[Round "1"]
[White "Kevinking"]
[Black "Libiesse"]
[WhiteElo "1990"]
[BlackElo "1900"]
[Result "1-0"]
[Round "1"]
1.c4 b6
2.Nb1c3 Nb8c6
3.d4 e5
4.d5 Nc6e7
5.e4 d6
6.Ng1f3 Bc8b7
7.Bf1e2 Qd8d7
8.O-O O-O-O
9.b4 f5
10.Bc1g5 h6
11.Bg5xe7 Ng8xe7
12.a4 fxe4
13.Nc3xe4 Ne7f5
14.Qd1d2 g5
15.Rf1b1 Bf8g7
16.a5 Rd8f8
17.axb6 axb6
18.c5 dxc5
19.bxc5 Qd7xd5
20.Qd2c2 Qd5xe4
21.Be2d3 Qe4g4
22.c6 Rf8f6
23.cxb7 Kxb7
24.Bd3e4 Kc8
25.Nf3xe5 { resign }
1-0

[Event "Match"]
[Site "www.echecsemail.com"]
[Date "2019.10.12"]
[Round "1"]
[White "Ztornad"]
[Black "Bojan"]
[WhiteElo "1980"]
[BlackElo "2040"]
[Result "0-1"]
[Round "1"]
1.e4 e5
2.Bf1c4 h6
3.Qd1f3 Qd8f6
4.Qf3xf6 Ng8xf6
5.d3 Nb8c6
6.c3 Nc6a5
7.Bc4b5 a6
8.Bb5a4 b5
9.Ba4d1 Bc8b7
10.b4 Na5c6
11.f4 exf4
12.Bc1xf4 d6
13.Ng1h3 O-O-O
14.O-O Nc6e5
15.Bd1e2 Bf8e7
16.Nb1d2 Rh8f8
17.Nd2f3 Ne5xf3
18.Be2xf3 g5
19.g4 gxf4
20.Nh3xf4 Rf8g8
21.h3 h5
22.Bf3e2 hxg4
23.h4 Rg8h8
24.Nf4g2 Rd8g8
25.Rf1f5 Rg8g7
26.Ra1f1 Rh8h6
27.Rf5g5 Rh6g6
28.Rg5xg6 Rg7xg6
29.Rf1f5 Kd7
30.h5 Rg6h6
31.Ng2f4 Ke8
32.Nf4d5 Nf6xd5
33.exd5 Bb7c8
34.Rf5f4 Rh6xh5
35.Be2xg4 Rh5g5
36.Kf1 Rg5xg4
37.Rf4f2 Rg4g3
38.Ke2 Bc8g4
39.Kd2 Be7g5
40.Kc2 Bg4f3
41.Rf2f1 Bf3xd5
42.Rf1e1 Kd7
43.c4 bxc4
44.dxc4 Bd5xc4
45.Re1h1 Kc6
46.Rh1d1 Kb5
47.a4 Kxb4
48.a5 Rg3g2
49.Kb1 Kb3
50.Ka1 Kc2
51.Rd1c1 Kb3
52.Rc1b1 Ka3
53.Rb1d1 Bg5f6
54.Kb1 Bc4a2
55.Kc1 Bf6b2
{ resign }
0-1

[Event "Tourn. n10194"]
[Site "www.echecsemail.com"]
[Date "2019.10.12"]
[Round "1"]
[White "Gandalf50"]
[Black "Krystek23"]
[WhiteElo "2410"]
[BlackElo "2540"]
[Result "1-0"]
[Round "1"]
1.c4 e5
2.Ng1f3 Nb8c6
3.d4 exd4
4.Nf3xd4 Nc6xd4
5.Qd1xd4 c5
6.Qd4d3 Ng8f6
7.Nb1c3 Bf8e7
8.Bc1f4 O-O
9.g3 d6
10.Ra1d1 Bc8e6
11.b3 Rf8e8
12.Bf4xd6 Be7xd6
13.Qd3xd6 Qd8xd6
14.Rd1xd6 Ra8d8
15.Rd6xd8 Re8xd8
16.Bf1g2 b6
17.h3 Kf8
18.e3 Rd8d3
19.Nc3b5 Rd3d7
20.Ke2 Be6f5
21.Rh1d1 Rd7xd1
22.Kxd1 a6
23.Nb5c3 Bf5d7
24.a4 Ke7
25.Kd2 g6
26.e4 Bd7e6
27.Nc3d5 Be6xd5
28.cxd5 Kd6
29.f4 Nf6e8
30.e5 Kd7
31.Bg2f1 Ne8c7
32.d6 Nc7d5
33.Bf1xa6 Ke8
34.Ba6c4 Nd5b4
35.g4 Kd7
36.Bc4xf7 Nb4c6
37.Bf7c4 Nc6a5
38.f5 gxf5
39.gxf5 Ke8
40.e6 h6
41.f6 Na5xc4
42.bxc4 h5
43.Ke3 { resign }
1-0

[Event "Tourn. n10224"]
[Site "www.echecsemail.com"]
[Date "2019.10.12"]
[Round "1"]
[White "Orhany24"]
[Black "Fantomas"]
[WhiteElo "2160"]
[BlackElo "2130"]
[Result "0-1"]
[Round "1"]
1.e4 c5
2.Ng1f3 d6
3.d4 cxd4
4.Nf3xd4 Nb8c6
5.Nd4xc6 bxc6
6.c4 Ng8f6
7.Bf1d3 h6
8.Nb1c3 e5
9.O-O Bf8e7
10.h3 O-O
11.Bc1e3 Bc8e6
12.Qd1c2 Qd8d7
13.Kh2 Nf6h5
14.Nc3e2 f5
15.f4 fxe4
16.Bd3xe4 exf4
17.Ne2xf4 Nh5xf4
18.Be3xf4 d5
19.cxd5 cxd5
20.Ra1d1 Be7d6
21.Bf4xd6 Qd7xd6
22.Kh1 Rf8xf1
{ resign }
0-1

[Event "Match"]
[Site "www.echecsemail.com"]
[Date "2019.10.12"]
[Round "1"]
[White "Roko123"]
[Black "Bojan"]
[WhiteElo "1499"]
[BlackElo "2000"]
[Result "0-1"]
[Round "1"]
1.e4 e5
2.Ng1f3 d6
3.Bf1c4 Qd8f6
4.d3 h6
5.Nb1c3 c6
6.Bc1e3 Bc8g4
7.Qd1e2 Bg4xf3
8.gxf3 Nb8d7
9.Rh1g1 Nd7b6
10.Bc4b3 Ng8e7
11.a4 Ne7g6
12.a5 Nb6d7
13.Qe2d2 Qf6xf3
14.a6 b6
15.Bb3a4 Ra8c8
16.Nc3a2 c5
17.b4 Ng6h4
18.Qd2c3 Nh4g2
19.Rg1xg2 Qf3xg2
20.Ba4xd7 Kxd7
21.bxc5 Qg2xh2
22.Ke2 Bf8e7
23.Qc3b3 dxc5
24.Qb3xf7 Rh8g8
25.Qf7d5 Be7d6
26.Na2c3 g5
27.Nc3b5 Rg8g6
28.Qd5f7 Bd6e7
29.Qf7xg6 Rc8c6
30.Qg6f5 Kd8
 { time }
0-1

[Event "Match"]
[Site "www.echecsemail.com"]
[Date "2019.10.12"]
[Round "1"]
[White "Apdash"]
[Black "Krystek23"]
[WhiteElo "2200"]
[BlackElo "2510"]
[Result "0-1"]
[Round "1"]
1.e4 c5
2.Ng1f3 e6
3.d4 cxd4
4.Nf3xd4 Nb8c6
5.a3 Qd8c7
6.Nb1c3 Ng8f6
7.Bc1g5 Bf8e7
8.Nc3b5 Qc7b8
9.Bf1d3 a6
10.Nd4xc6 bxc6
11.Nb5d4 O-O
12.b4 a5
13.c3 Bc8b7
14.Qd1c2 axb4
15.O-O bxc3
16.Qc2xc3 Nf6g4
17.e5 Be7xg5
18.f4 Bg5e7
19.h3 Ng4e3
20.Rf1e1 Ne3d5
21.Qc3c2 Qb8a7
22.Qc2b2 Be7c5
23.Re1e4 f5
24.exf6 Nd5xf6
25.Ra1b1 Nf6xe4
26.Qb2xb7 Bc5xd4
27.Kh2 Qa7xb7
28.Rb1xb7 Ne4c5
{ resign }
0-1

[Event "Match"]
[Site "www.echecsemail.com"]
[Date "2019.10.12"]
[Round "1"]
[White "Dussek"]
[Black "Roko123"]
[WhiteElo "1880"]
[BlackElo "1499"]
[Result "1-0"]
[Round "1"]
1.d4 Ng8f6
2.c4 g6
3.Nb1c3 Bf8g7
4.e4 d6
5.Ng1f3 O-O
6.Bf1e2 e5
7.d5 a5
8.O-O Nb8a6
9.a3 Na6c5
10.Qd1c2 Nf6d7
11.Bc1g5 f6
12.Bg5e3 f5
13.b4 axb4
14.axb4 Ra8xa1
15.Rf1xa1 Nc5a6
16.Qc2b3  { time }
1-0

[Event "Match"]
[Site "www.echecsemail.com"]
[Date "2019.10.12"]
[Round "1"]
[White "Chapi"]
[Black "Apdash"]
[WhiteElo "2100"]
[BlackElo "2190"]
[Result "0-1"]
[Round "1"]
1.d4 Ng8f6
2.c4 g6
3.Nb1c3 Bf8g7
4.Ng1f3 O-O
5.Bc1f4 d6
6.g3 Nb8c6
7.Bf1g2 Bc8g4
8.O-O Qd8d7
9.e4 e5
10.dxe5 Bg4xf3
11.Bg2xf3 Nc6xe5
12.Bf4xe5 dxe5
13.Qd1xd7 Nf6xd7
14.Ra1d1 Ra8d8
15.Nc3b5 Nd7b6
16.b3 c6
17.Nb5d6 Rd8d7
18.c5 Nb6a8
19.Bf3g4 Rd7e7
20.Rd1d3 h5
21.Bg4h3 b5
22.Rf1d1 g5
23.Nd6f5 Re7c7
24.Rd3d7 g4
25.Bh3f1 a6
26.Rd7xc7 Na8xc7
27.Rd1d6 Nc7e6
28.Rd6xc6 Rf8a8
29.Nf5xg7 Kxg7
30.h3 Ne6d4
31.Rc6d6 Ra8c8
32.b4 Rc8c6
33.Rd6xc6 Nd4xc6
34.hxg4 hxg4
35.a4 bxa4
36.b5 axb5
37.Bf1xb5 a3
38.Bb5c4 Kg6
39.Kf1 f5
40.exf5 Kxf5
41.Ke2 Ke4
42.Kd2 Kd4
43.Bc4e6 Kxc5
44.Ke3 Nc6a5
45.Kd3 Kb4
46.Be6a2 Kc5
47.Ke4 Na5c6
48.Kf5 Kd4
49.Kxg4 Nc6b4
50.Ba2e6 Nb4d5
{ resign }
0-1

[Event "Tourn. n10204"]
[Site "www.echecsemail.com"]
[Date "2019.10.12"]
[Round "1"]
[White "Bojan"]
[Black "Orhany24"]
[WhiteElo "2020"]
[BlackElo "2140"]
[Result "0-1"]
[Round "1"]
1.e4 e5
2.Ng1f3 Nb8c6
3.b3 Ng8f6
4.Bc1b2 d6
5.Nb1c3 Bc8g4
6.Bf1e2 Bf8e7
7.d3 O-O
8.h3 Bg4h5
9.Nc3d5 Nc6b8
10.Nd5xe7 Qd8xe7
11.Nf3h2 Bh5xe2
12.Qd1xe2 c5
13.Qe2f3 Nb8c6
14.c3 h6
15.Nh2g4 Qe7e6
16.Ng4xf6 Qe6xf6
17.Qf3xf6 gxf6
18.Bb2c1 Kg7
19.f4 Rf8g8
20.f5 Kh7
21.O-O h5
22.Kh2 Rg8g7
23.Bc1e3 b5
24.Rf1g1 a5
25.Be3d2 Ra8g8
26.a3 Rg7g3
27.d4 cxd4
28.cxd4 Nc6xd4
29.Ra1e1 Nd4xb3
30.Re1d1 Rg3d3
31.Bd2c1 Rg8g3
32.Bc1b2 Nb3c5
33.Rd1e1 Rd3e3
34.Bb2c1 Re3xe1
35.Rg1xe1 Rg3b3
36.Re1e2 b4
37.axb4 axb4
38.Bc1e3 Nc5xe4
39.Be3b6 d5
40.g4 hxg4
41.hxg4 Ne4g5
42.Bb6d8 Kg7
43.Kg2 d4
44.Kf1 e4
45.Re2a2 d3
46.Ra2a6 Rb3b1
47.Kf2 Rb1b2
48.Ke3 Rb2e2
49.Kd4 Ng5f3
50.Kc4 d2
51.Bd8xf6 Kh7
52.Ra6a1 Re2e1
{ resign }
0-1

[Event "Match"]
[Site "www.echecsemail.com"]
[Date "2019.10.12"]
[Round "1"]
[White "Whitekknight"]
[Black "Roko123"]
[WhiteElo "1910"]
[BlackElo "1499"]
[Result "1-0"]
[Round "1"]
1.d4 d5
2.e4 e6
3.exd5 exd5
4.Nb1c3 Ng8f6
5.Bc1g5 h6
6.Bg5h4 Bf8d6
7.Nc3xd5 g5
8.Nd5xf6 Qd8xf6
9.Bh4g3 Bd6xg3
10.hxg3 Nb8c6
11.Bf1b5 Bc8f5
12.c3 O-O-O
13.Ng1e2  { time }
1-0

[Event "Match"]
[Site "www.echecsemail.com"]
[Date "2019.10.12"]
[Round "1"]
[White "Javas"]
[Black "Sonny1000"]
[WhiteElo "1699"]
[BlackElo "1560"]
[Result "1-0"]
[Round "1"]
1.d4 d5
2.c4 e6
3.Nb1c3 c6
4.Bc1f4 g5
5.Bf4g3 Qd8a5
6.e3 Qa5b4
7.a3 Qb4xb2
8.Nc3a4 c5
9.Na4xb2 Bf8g7
10.Ng1f3 f6
11.cxd5 exd5
12.Nf3xg5 fxg5
13.Qd1h5 Kf8
14.Bg3d6 Ng8e7
15.Qh5xg5 Nb8c6
16.Bf1b5 h6
17.Qg5xd5 a6
18.Bb5c4 Nc6a5
19.Qd5f7 { resign }
1-0

[Event "Tourn. n10226"]
[Site "www.echecsemail.com"]
[Date "2019.10.12"]
[Round "1"]
[White "Fantomas"]
[Black "Bigrezi"]
[WhiteElo "2150"]
[BlackElo "2280"]
[Result "0-1"]
[Round "1"]
1.e4 e6
2.Ng1f3 c5
3.d4 cxd4
4.c3 Nb8c6
5.cxd4 d5
6.e5 Ng8e7
7.Bf1b5 a6
8.Bb5xc6 Ne7xc6
9.O-O Bf8e7
10.Nb1c3 O-O
11.Bc1e3 Bc8d7
12.a3 f6
13.Qd1d3 Nc6a5
14.Rf1e1 Ra8c8
15.Be3c1 Na5b3
16.Ra1b1 Bd7e8
17.Qd3c2 Qd8b6
18.Bc1e3 Be8g6
19.Nc3a4 Qb6b5
{ resign }
0-1

[Event "Tourn. n10217"]
[Site "www.echecsemail.com"]
[Date "2019.10.12"]
[Round "1"]
[White "Picifarkinca"]
[Black "Roko123"]
[WhiteElo "1580"]
[BlackElo "1499"]
[Result "1-0"]
[Round "1"]
1.e4 e5
2.Ng1f3 Nb8c6
3.Bf1b5 a6
4.Bb5a4 Ng8f6
5.O-O Bf8e7
6.Rf1e1 b5
7.Ba4b3 O-O
8.c3 d6
9.h3 Nc6a5
10.Bb3c2 c5
11.d4 Qd8c7
12.Nb1d2 Bc8b7
13.d5 Nf6h5
14.Nf3xe5 Nh5f4
15.Ne5f3  { time }
1-0

[Event "1/32 Finale"]
[Site "www.chess-mail.com"]
[Date "2019.10.12"]
[Round "1"]
[White "Szustan"]
[Black "Osopanda"]
[WhiteElo "2630"]
[BlackElo "1550"]
[Result "1-0"]
[Round "1"]
1.e4 c5
2.c3 e5
3.Ng1f3 d6
4.d4 cxd4
5.cxd4 Nb8c6
6.d5 Nc6b8
7.Bf1d3 Bc8g4
8.O-O g6
9.Bc1e3 Bf8g7
10.Qd1a4 Nb8d7
11.Nf3d2 Ng8e7
12.f3 Bg4h3
13.gxh3 O-O
14.Qa4b4 Nd7b6
15.Nb1c3 f5
16.Ra1c1 Ra8c8
17.Nc3b5 Rf8f6
18.Nb5xa7 Rc8xc1
19.Rf1xc1 h6
20.Qb4xb6 Qd8xb6
21.Be3xb6 f4
22.Bb6d8 Bg7f8
23.Rc1c7 Kf7
24.Na7c8 Ke8
25.Bd8xe7 Bf8xe7
26.Rc7xe7 Kd8
27.Bd3b5 Kxc8
28.Re7d7 h5
29.Nd2c4 g5
30.Nc4b6 Kb8
31.Bb5c6 bxc6
32.dxc6 g4
33.Rd7b7 { resign }
1-0

[Event "1/128 Finale"]
[Site "www.chess-mail.com"]
[Date "2019.10.12"]
[Round "1"]
[White "D4minance"]
[Black "Dorfteich"]
[WhiteElo "2850"]
[BlackElo "1699"]
[Result "1-0"]
[Round "1"]
1.d4 d5
2.c4 c5
3.cxd5 Qd8xd5
4.Ng1f3 cxd4
5.Nb1c3 Qd5a5
6.Nf3xd4 Ng8f6
7.Nd4b3 Qa5c7
8.Nc3b5 Qc7b6
9.e4 e5
10.Bc1e3 Bf8b4
11.Nb3d2 Qb6a5
12.a3 Bb4xd2
13.Be3xd2 Qa5d8
14.Bd2b4 Qd8xd1
15.Ra1xd1 Nb8a6
16.Nb5d6 { resign }
1-0

[Event "Match"]
[Site "www.echecsemail.com"]
[Date "2019.10.13"]
[Round "1"]
[White "Apdash"]
[Black "Calponas"]
[WhiteElo "2230"]
[BlackElo "2100"]
[Result "1-0"]
[Round "1"]
1.e4 c5
2.Ng1f3 d6
3.d4 cxd4
4.Nf3xd4 Ng8f6
5.Nb1c3 a6
6.a4 b6
7.Bf1c4 Bc8b7
8.Qd1e2 g6
9.Bc1g5 Bf8g7
10.O-O-O Qd8d7
11.f4 O-O
12.e5 d5
13.exf6 exf6
14.Bg5h4 dxc4
15.Rh1g1 Nb8c6
16.Qe2xc4 Ra8c8
17.Nd4xc6 Qd7c7
18.g4 Qc7xc6
19.Qc4xc6 Rc8xc6
20.Nc3d5 Rf8c8
21.Nd5e7 Kf8
22.Ne7xc6 Bb7xc6
23.b3 Bc6e4
24.c4 f5
25.gxf5 Be4xf5
26.Rd1d6 b5
27.Rg1d1 { resign }
1-0

[Event "Tourn. n10194"]
[Site "www.echecsemail.com"]
[Date "2019.10.13"]
[Round "1"]
[White "Krystek23"]
[Black "Galiany17"]
[WhiteElo "2540"]
[BlackElo "2390"]
[Result "0-1"]
[Round "1"]
1.c4 e5
2.Nb1c3 Nb8c6
3.g3 Bf8b4
4.Bf1g2 Bb4xc3
5.bxc3 d6
6.d3 f5
7.Ng1f3 Ng8f6
8.O-O O-O
9.Bc1g5 h6
10.Bg5d2 Bc8d7
11.Ra1b1 Ra8b8
12.Nf3e1 Nc6a5
13.Ne1f3 Qd8e8
14.Nf3e1 Bd7a4
15.Qd1c1 c5
16.Qc1a3 b6
17.Qa3c1 Qe8h5
18.Bg2f3 Qh5f7
19.Bf3g2 Rb8e8
20.f3 g5
21.e4 f4
22.Rf1f2 Nf6h5
23.Bg2h3 Ba4d7
24.Bh3xd7 Qf7xd7
25.g4 Nh5f6
26.h3 h5
27.Kf1 Kg7
28.Ke2 hxg4
29.hxg4 Rf8h8
30.Ne1c2 Rh8h4
31.Bd2e1 Rh4h1
32.Qc1d1 Qd7a4
33.Rf2f1 Re8h8
34.Be1f2 Rh8h2
35.a3 Na5xc4
36.dxc4 Qa4xc4
37.Qd1d3 Rh2xf2
38.Rf1xf2 Qc4xd3
39.Kxd3 Rh1xb1
40.c4 Rb1b3
41.Kd2 Nf6d7
42.a4 a6
43.Rf2h2 Rb3xf3
44.Rh2h5 Nd7f6
45.Rh5xg5 Kh6
46.Rg5f5 Nf6xe4
47.Ke2 Rf3c3
48.Kd1 Rc3xc4
49.Rf5f8 Rc4xa4
50.Rf8b8 b5
51.Rb8g8 b4
52.Kc1 Kh7
53.Rg8c8 f3
54.Nc2e3 f2
55.Rc8f8 Ra4a3
56.Ne3c2 Ra3a2
57.Rf8xf2 Ne4xf2
58.g5 b3
59.Nc2e3 Nf2d3
{ resign }
0-1

[Event "Tourn. n10220"]
[Site "www.echecsemail.com"]
[Date "2019.10.13"]
[Round "1"]
[White "Libiesse"]
[Black "Cirovicz"]
[WhiteElo "1960"]
[BlackElo "2080"]
[Result "1/2-1/2"]
[Round "1"]
1.d4 Ng8f6
2.c4 c5
3.d5 b5
4.Nb1d2 bxc4
5.e4 d6
6.Qd1c2 e5
7.Bf1xc4 Bf8e7
8.Ng1e2 Bc8g4
9.h3 Bg4xe2
10.Bc4xe2 O-O
11.O-O Nb8d7
12.Nd2c4 Nd7b6
13.f4 exf4
14.Bc1xf4 Nb6xc4
{ draw }
1/2-1/2

[Event "Match"]
[Site "www.echecsemail.com"]
[Date "2019.10.13"]
[Round "1"]
[White "Roko123"]
[Black "Stevep84"]
[WhiteElo "1499"]
[BlackElo "2250"]
[Result "0-1"]
[Round "1"]
1.c4 Ng8f6
2.d4 e5
3.dxe5 Nf6g4
4.Ng1f3 d6
5.exd6 Bf8xd6
6.c5 Ng4xf2
7.Qd1d4 Nf2xh1
8.Qd4xg7 Rh8f8
9.cxd6 Qd8xd6
10.Nb1c3 Bc8f5
11.Bc1d2 Nb8c6
12.g4 Bf5g6
13.Nc3b5 Qd6e7
14.Ra1d1 O-O-O
15.Qg7c3 a6
16.Nb5a3 Nc6d4
 { time }
0-1

[Event "Match"]
[Site "www.echecsemail.com"]
[Date "2019.10.13"]
[Round "1"]
[White "Hundegana"]
[Black "Roko123"]
[WhiteElo "2050"]
[BlackElo "1499"]
[Result "1-0"]
[Round "1"]
1.c4 Ng8f6
2.g3 g6
3.Bf1g2 Bf8g7
4.Nb1c3 d6
5.Ng1f3 O-O
6.O-O e5
7.d3 c6
8.e4 Nf6h5
9.Ra1b1 f5
10.b4 f4
11.Rb1b2 Bc8e6
12.a3 Qd8b6
13.Kh1 Be6g4
14.h3 Bg4e6
15.g4 Nh5f6
16.a4 Qb6d8
17.b5  { time }
1-0